|
|
|
|
| LEADER |
01386nam a2200337 a 4500 |
| 001 |
17578 |
| 003 |
BD-DhAAL |
| 005 |
20220103130915.0 |
| 008 |
140521s1995 miu b s000 0 eng |
| 999 |
|
|
|c 14364
|d 14364
|
| 010 |
|
|
|a 95007758
|
| 020 |
|
|
|a 0472095935 (alk. paper)
|
| 020 |
|
|
|a 0472065939 (pbk. : alk. paper)
|
| 040 |
|
|
|a DLC
|c DLC
|d DLC
|d BD-DhAAL
|
| 050 |
0 |
0 |
|a BF175.5.P35
|b G67 1995
|
| 082 |
0 |
0 |
|a 150.19/52
|2 20
|
| 100 |
1 |
|
|a Gossy, Mary S.,
|d 1959-
|9 4631
|
| 245 |
1 |
0 |
|a Freudian slips :
|b woman, writing, the foreign tongue /
|c Mary S. Gossy.
|
| 260 |
|
|
|a Ann Arbor :
|b University of Michigan Press,
|c c1995.
|
| 300 |
|
|
|a 112 pages ;
|c 24 cm.
|
| 490 |
|
|
|a Critical perspectives on women and gender
|
| 504 |
|
|
|a Includes bibliographical references (p. 111-112).
|
| 541 |
|
|
|e 17578
|
| 600 |
1 |
0 |
|a Freud, Sigmund,
|d 1856-1939.
|t Zur Psychopathologie des Alltagslebens.
|9 4632
|
| 650 |
|
0 |
|a Parapraxis.
|9 4633
|
| 650 |
|
0 |
|a Psychology, Pathological.
|9 4634
|
| 650 |
|
0 |
|a Psychoanalysis and feminism.
|9 4635
|
| 852 |
|
|
|a Ayesha Abed Library
|b ENH
|
| 856 |
4 |
2 |
|3 Publisher description
|u http://www.loc.gov/catdir/description/umich051/95007758.html
|
| 942 |
|
|
|2 ddc
|c BK
|
| 952 |
|
|
|0 0
|1 0
|2 ddc
|4 0
|6 150_195200000000000_GOS
|7 0
|9 24348
|a BRACUL
|b BRACUL
|c GEN
|d 2014-05-21
|l 0
|o 150.1952 GOS
|p 3010017578
|r 2014-05-21
|t 1
|w 2014-05-21
|y BK
|x Transferred from ENH to Ayesha Abed library on 20/12/2023
|